King Lear / (Record no. 3030)
[ view plain ]
| 000 -LEADER | |
|---|---|
| fixed length control field | 01050nam a2200349 a 4500 |
| 001 - CONTROL NUMBER | |
| control field | 3030 |
| 003 - CONTROL NUMBER IDENTIFIER | |
| control field | BD-DhEWU |
| 005 - DATE AND TIME OF LATEST TRANSACTION | |
| control field | 20170919020002.0 |
| 008 - FIXED-LENGTH DATA ELEMENTS--GENERAL INFORMATION | |
| fixed length control field | 880808r19941949enk g b 000 0 eng d |
| 020 ## - INTERNATIONAL STANDARD BOOK NUMBER | |
| International Standard Book Number | 0140620656 |
| International Standard Book Number | 0416761100 |
| International Standard Book Number | 9780140620658 |
| 035 ## - SYSTEM CONTROL NUMBER | |
| System control number | (OCoLC)57514339 |
| 040 ## - CATALOGING SOURCE | |
| Original cataloging agency | UB1 |
| Transcribing agency | UB1 |
| Language of cataloging | eng |
| Modifying agency | BD-DhEWU |
| 041 ## - LANGUAGE CODE | |
| Language code of text/sound track or separate title | eng |
| 050 00 - LIBRARY OF CONGRESS CALL NUMBER | |
| Classification number | PR2819.A2 |
| Item number | M8 1985 |
| 082 04 - DEWEY DECIMAL CLASSIFICATION NUMBER | |
| Classification number | 822.33T3-4 |
| 090 ## - LOCALLY ASSIGNED LC-TYPE CALL NUMBER (OCLC); LOCAL CALL NUMBER (OCLC) | |
| Classification number (OCLC) (R) ; Classification number, CALL (RLIN) (NR) | PR2819.A2 |
| Local cutter number (OCLC) ; Book number/undivided call number, CALL (RLIN) | M9 1985 |
| 092 ## - LOCALLY ASSIGNED DEWEY CALL NUMBER (OCLC) | |
| Classification number | D0400165758 |
| 100 1# - MAIN ENTRY--PERSONAL NAME | |
| Personal name | Shakespeare, William, |
| 9 (RLIN) | 12885 |
| 245 10 - TITLE STATEMENT | |
| Title | King Lear / |
| Statement of responsibility, etc | William Shakespeare ; edited by Kenneth Muir |
| 260 ## - PUBLICATION, DISTRIBUTION, ETC. (IMPRINT) | |
| Place of publication, distribution, etc | London : |
| Name of publisher, distributor, etc | Penguin Books, |
| Date of publication, distribution, etc | 1994. |
| 300 ## - PHYSICAL DESCRIPTION | |
| Extent | 160 p. ; |
| Dimensions | 20 cm. |
| 504 ## - BIBLIOGRAPHY, ETC. NOTE | |
| Bibliography, etc | Includes bibliographical references. |
| 526 ## - STUDY PROGRAM INFORMATION NOTE | |
| Program name | English |
| 590 ## - LOCAL NOTE (RLIN) | |
| Local note | Tahur Ahmed |
| 700 1# - ADDED ENTRY--PERSONAL NAME | |
| Personal name | Muir, Kenneth |
| 9 (RLIN) | 12886 |
| 856 42 - ELECTRONIC LOCATION AND ACCESS | |
| Materials specified | WorldCat details |
| Uniform Resource Identifier | http://www.worldcat.org/title/king-lear/oclc/57514339&referer=brief_results |
| 942 ## - ADDED ENTRY ELEMENTS (KOHA) | |
| Source of classification or shelving scheme | Dewey Decimal Classification |
| Koha item type | Text |
| Koha issues (borrowed), all copies | 7 |
| Withdrawn status | Lost status | Source of classification or shelving scheme | Damaged status | Not for loan | Collection code | Home library | Current library | Shelving location | Date acquired | Source of acquisition | Cost, normal purchase price | Total Checkouts | Full call number | Barcode | Copy number | Koha item type | Total Renewals | Date last seen | Date checked out | Coded location qualifier | mfnno |
|---|---|---|---|---|---|---|---|---|---|---|---|---|---|---|---|---|---|---|---|---|---|
| Dewey Decimal Classification | Not For Loan | Fiction | Dr. S. R. Lasker Library, EWU | Dr. S. R. Lasker Library, EWU | Reserve Section | 20/04/2001 | Friends Book Corner | 254.00 | 822.33T3-4 SHK 1994 | 9205 | C-1 | Text | |||||||||
| Dewey Decimal Classification | Fiction | Dr. S. R. Lasker Library, EWU | Dr. S. R. Lasker Library, EWU | Circulation Section | 20/04/2001 | Friends Book Corner | 254.00 | 5 | 822.33T3-4 SHK 1994 | 9207 | C-3 | Text | 1 | 27/10/2025 | 13/10/2025 | ||||||
| Dewey Decimal Classification | Fiction | Dr. S. R. Lasker Library, EWU | Dr. S. R. Lasker Library, EWU | Circulation Section | 20/04/2001 | Parama | 254.00 | 3 | 822.33T3-4 SHK 1994 | 9210 | C-6 | Text | 04/04/2024 | 27/03/2024 | |||||||
| Dewey Decimal Classification | Not For Loan | Fiction | Dr. S. R. Lasker Library, EWU | Dr. S. R. Lasker Library, EWU | Reserve Section | 20/04/2001 | Parama | 254.00 | 822.33T3-4 SHK 1994 | 9206 | C-2 | Text | |||||||||
| Dewey Decimal Classification | Fiction | Dr. S. R. Lasker Library, EWU | Dr. S. R. Lasker Library, EWU | Circulation Section | 20/04/2001 | Parama | 254.00 | 1 | 822.33T3-4 SHK 1994 | 9208 | C-4 | Text | 06/02/2012 | 01/02/2012 | |||||||
| Dewey Decimal Classification | Fiction | Dr. S. R. Lasker Library, EWU | Dr. S. R. Lasker Library, EWU | Circulation Section | 20/04/2001 | Parama | 254.00 | 2 | 822.33T3-4 SHK 1994 | 9209 | C-5 | Text | 28/03/2023 | 22/03/2023 | |||||||
| Dewey Decimal Classification | Fiction | Dr. S. R. Lasker Library, EWU | Dr. S. R. Lasker Library, EWU | Circulation Section | 20/04/2001 | Parama | 254.00 | 2 | 822.33T3-4 SHK 1994 | 9211 | C-7 | Text | 16/02/2013 | 14/02/2013 | |||||||
| Dewey Decimal Classification | Fiction | Dr. S. R. Lasker Library, EWU | Dr. S. R. Lasker Library, EWU | Circulation Section | 20/04/2001 | Friends Book Corner | 254.00 | 13 | 822.33T3-4 SHK 1994 | 9212 | C-8 | Text | 22/10/2025 | 15/10/2025 |